00681nam a22002055i 450000100060000000300090000600500170001500700030003200800410003504000200007610000260009624500520012225000130017426000620018730000350024965000290028485200210031399900170033495201240035168670ES-MaACL20250814033433.0t|960827s1871 fr a |||| | fre d aCAM bspa cCAM1 aGervais, Paul.95651210aEléments de zoologie / cpar M. Paul Gervais. a2e éd. aParis : bLibrairie Hachette, c1871 (fImp. E. Martinet) aXII, 596 p. : bil. ; c23 cm. 7aZoología2embne917868 aES-MaACLjG-9107 c68670d68670 001040708LIBXIXaATENEOMbATENEOMcSPP3d2008-01-17eSCl0oG-9107p1071893r2023-02-23 00:00:00w2023-02-23yMONANT